Statistiques concernant Les Prénoms des Youtubeurs

Cliquez ici pour prendre le quiz!

Statistiques générales

  • Ce quiz a été pris 422 fois
    (357 depuis la dernière actualisation)
  • Le résultat moyen est 16 sur 30

Statistiques - réponses

Nom YoutubePrénom% Correct
InoxtagInes
95%
SqueezieLucas
91%
MichouMiguel
88%
AmixemMaxime
86%
SEBSébastien
86%
NatooNathalie
76%
JoycaJordan
72%
CyprienCyprien
71%
McFlyDavid
64%
CarlitoRaphaël
63%
MastuThéo
63%
DjilsiSidjil
60%
Mister VYvick
59%
Le Rire JauneKévin
58%
Le Rire JauneHenry
55%
KametoKamel
50%
LeBouseuhRomain
47%
GotagaCorentin
45%
Ibra TVIbrahim
45%
EnjoyPhoenixMarie
45%
KemarMarc
44%
FastGoodCuisneCharles
43%
Le Monde à l'EnversJenny
30%
MaghlaBarbara
29%
RebeuDeterBillal
29%
Le Grand JDJulien
29%
Le Monde à l'EnversValentin
27%
DomingoPierre-Alexis
23%
LincaArnaud
19%
THEKAIRIJaouad
13%

Distribution des résultats

Percentile par nombre de réponses

% des personnes avec chaque résultat

Votre développement - résultats

Vous n’avez pas pris ce quiz depuis la dernière actualisation